000
00292nam a22001337a 4500
008
181025b xxu||||| |||| 00| 0 eng d
020
_a
9780393602630
041
_a
eng
080
_a
370
100
_a
47
101
_a
EDU
245
_a
The Seagull Handbook
_c
Bullock.R
942
_2
udc
_c
BK
999
_c
50912
_d
50912